| 000 | 01052nam a22003130a 4500 | ||
|---|---|---|---|
| 001 | PT11232 | ||
| 003 | AR-LpoUNG | ||
| 005 | 20210131232431.0 | ||
| 008 | 191001s2001||||ag |||||||||||||||||spa d | ||
| 020 |
_a9500422549 _c$15.38 |
||
| 040 |
_aAR-LpoUNG _bspa _cAR-LpoUNG _eaacr |
||
| 041 | _aspa | ||
| 044 | _aag | ||
| 082 | 0 | _a909.22 559sec | |
| 100 | 1 | _aChumbita, Hugo | |
| 245 | 1 | 3 |
_aEl secreto de Yapeyú : _bel origen mestizo de San Martín |
| 250 | _a1ª edición | ||
| 260 |
_aBuenos Aires : _bEmecé, _c2001. |
||
| 300 |
_a229 p. : _btbls., mapas |
||
| 520 | _aEl autor en este libro intenta demostrar que José de San Martín fue en realidad hijo de Rosa Guarú (una india guaraní que servía a los San Martín en Yapeyú). Esta tesis está apoyada en testimonios escritos de diversas épocas. | ||
| 650 | 4 | _aAMERICA LATINA | |
| 650 | 4 | _aBIOGRAFIAS | |
| 650 | 4 | _aHISTORIA SOCIAL | |
| 650 | 4 | _aIDENTIDAD CULTURAL | |
| 650 | 4 | _aREVOLUCION | |
| 651 | 4 | _aDOCUMENTOS TEORICOS O METODOLOGICOS | |
| 905 | _a11232 | ||
| 942 | _cLIB | ||
| 999 |
_c15648 _d15648 |
||